| 000 | 00557nam a22001817a 4500 | ||
|---|---|---|---|
| 008 | 150106b xxu||||| |||| 00| 0 alb d | ||
| 041 | 0 | _aalb | |
| 080 |
_2531.19 _x(075.18) |
||
| 100 | 1 | _aJagxhiu, Fetah S., | |
| 245 | 1 | 0 |
_aMekanika Pjesa I Statika / _cFetah Jagxhiu. |
| 260 |
_aPrishtinë : _bUniversiteti i Prishtinës : _c1997. |
||
| 300 |
_a311 f.: _bme il. ; _c24 cm. |
||
| 500 | _aParathënie : f. [7]-[8] | ||
| 500 | _aLiteratura : f. 307-311 | ||
| 650 | 0 |
_aMekanika _vTekste universitare |
|
| 650 | 0 |
_aStatika _vTekste universitare |
|
| 942 |
_2udc _cBK |
||
| 999 |
_c533 _d533 |
||